Oración fúnebre de D. Alvaro de Navia-Osorio y Vigil, Marqués de Santa Cruz de Marcenado pronunciada en la Basílica de Atocha de Madrid en 19 de Diciembre de 1884 con motivo de la solemnidad del centenario de su nacimiento / (Record no. 38772)

MARC details
000 -LEADER
campo de control de longitud fija 00886nam a2200193 i 4500
001 - NÚMERO DE CONTROL
campo de control 38772
003 - IDENTIFICADOR DE NÚMERO DE CONTROL
campo de control ES-MaACL
005 - FECHA Y HORA DE LA ÚLTIMA TRANSACCIÓN
campo de control 20251120183007.0
007 - CAMPO FIJO DE DESCRIPCIÓN FÍSICA--INFORMACIÓN GENERAL
campo de control de longitud fija t|
008 - DATOS DE LONGITUD FIJA--INFORMACIÓN GENERAL
campo de control de longitud fija 030226s1885 sp ||||1| spa d
100 1# - ENTRADA PRINCIPAL--NOMBRE DE PERSONA
Nombre de persona Cámara y Castro, Tomás,
Fechas asociadas al nombre 1847-1904
9 (RLIN) 33998
245 10 - MENCIÓN DEL TÍTULO
Título Oración fúnebre de D. Alvaro de Navia-Osorio y Vigil, Marqués de Santa Cruz de Marcenado pronunciada en la Basílica de Atocha de Madrid en 19 de Diciembre de 1884 con motivo de la solemnidad del centenario de su nacimiento /
Mención de responsabilidad, etc. por Tomás Cámara y Castro.
260 ## - PUBLICACIÓN, DISTRIBUCIÓN, ETC.
Lugar de publicación, distribución, etc. Madrid :
Nombre del editor, distribuidor, etc. [s.n.],
Fecha de publicación, distribución, etc. 1885 (
Fabricante Impr. de Enrique Rubiños)
300 ## - DESCRIPCIÓN FÍSICA
Extensión 14 p. :
Otras características físicas 1 retr. de Alvaro Navia-Osorio y Vigil ;
Dimensiones 24 cm.
500 ## - NOTA GENERAL
Nota general Ded. autógrafa de Luis Vidart.
600 04 - PUNTO DE ACCESO ADICIONAL DE MATERIA--NOMBRE DE PERSONA
Nombre de persona Santa Cruz de Marcenado, Alvaro Navia Ossorio,
Títulos y otros términos asociados al nombre Marqués de
9 (RLIN) 103237
852 ## - LOCALIZACIÓN
Ubicación ES-MaACL
Número de control de estantería T-437-F-13
Holdings
Estatus retirado Estado de pérdida Estado de daño No para préstamo Colección Biblioteca de origen Biblioteca actual Ubicación en estantería Fecha de adquisición Fuente de adquisición Total de préstamos Signatura topográfica completa Código de barras Visto por última vez Precio de reemplazo Tipo de ítem Koha
        Colección de folletos Biblioteca del Ateneo de Madrid Biblioteca del Ateneo de Madrid Depósito folletos 17/01/2008     T-437-F-13 1040828 23/02/2023 23/02/2023 Folleto